000 00402nam a2200133Ia 4500
008 220204s9999 xx 000 0 und d
020 _a8176383279
082 _a366.5:34
_bLOH
100 _aLohithakshan, A K
245 0 _aUpabhokthra samrakshana niyamangal (Consumer protection acts) (Malayalam)
260 _aTrivandrum
_bKerala Bhasha Institute
_c2002
650 _aConsumer protection
942 _cBK
999 _c42454
_d42454